[Event "2018 Spring Chess Classic B"]
[Site "Saint Louis"]
[Date "2018.03.12"]
[Round "7"]
[White "Mikhalevski, Victor"]
[Black "Chandra, Akshat"]
[Result "1-0"]
[WhiteElo "2557"]
[BlackElo "2490"]
[Annotator "TA"]
[PlyCount "83"]
[EventDate "2018.??.??"]
[EventType "tourn"]
[EventCountry "USA"]
[SourceTitle "playchess.com"]
[Source "ChessBase"]
[SourceQuality "1"]

{[%evp 19,83,-4,-8,-22,-20,-24,-20,-42,29,41,41,29,21,31,22,43,109,13,13,12,21,39,60,37,203,204,216,201,232,228,276,232,267,219,230,114,121,116,114,90,512,504,769,761,726,262,314,314,361,343,526,332,433,326,314,264,262,117,995,968,29978,29979,29979,29980,29977,12522]} 1. c4 e6 2. Nf3 d5 3. b3 Nf6 4. g3 d4 5. Bg2 c5 6. e3 Nc6 7. exd4 cxd4 8. O-O Bd6 9. d3 h6 {A13: English Opening: 1...e6} (9... O-O 10. Re1 e5 11. Bg5 h6 12. Bxf6 Qxf6 13. a3 a5 14. Nbd2 Bf5 15. Ne4 Qe7 16. Nh4 Bh7 17. Nxd6 Qxd6 {½-½ (118) Zvjaginsev,V (2661)-Wagner,D (2571) Minsk 2017}) 10. Na3 O-O {LiveBook: 10 Games} 11. Re1 Re8 {The position is equal.} 12. Nc2 e5 13. b4 Nxb4 $146 (13... Qc7 $15) ({Find the theoretical novelty and annotate with similar games:} 13... a6 14. a4 Bf5 15. Ba3 Rc8 16. b5 Na5 17. Bxd6 Qxd6 18. Rb1 Nd7 {½-½ (18) Cekro,E (2440)-Barsov,A (2445) Belgium 1995}) 14. Nxb4 $11 Bxb4 15. Rxe5 Rxe5 16. Nxe5 Qa5 17. Rb1 Bd6 (17... Qxe5 $14 18. Rxb4 Bg4) 18. Bf4 ({White should play} 18. Nf3 $1 $16) 18... Qxa2 (18... Bxe5 $6 19. Rb5 $16) 19. Bxb7 Bxb7 20. Rxb7 Re8 $1 21. Nd7 Nxd7 $2 ({Better is} 21... Bxf4 $14 22. Nxf6+ (22. gxf4 Qa6 $15) 22... gxf6) 22. Bxd6 $18 Nf6 23. Be7 {Strongly threatening Bxf6.} Qa6 24. Qf3 $1 Ng4 25. Bd6 $1 Nf6 26. c5 Qa2 {[#]} 27. Kg2 (27. c6 $1 $18 {is the precise move to win.}) 27... a5 $16 28. Ra7 a4 29. Qf5 {c6 is the strong threat.} Qc2 $2 {[%mdl 8192] [#]} (29... Re1 $16) 30. Be7 $1 $18 Qb3 (30... a3 $142 31. Bxf6 gxf6 32. Rxa3 Qe2) 31. Bxf6 gxf6 {[%mdl 4096] Endgame KQR-KQR} 32. Qg4+ $2 (32. c6 Qa2 33. Rd7) 32... Kf8 33. Qxd4 a3 34. Qxf6 {[%cal Rf6h8]} Kg8 (34... Qd5+ $142 35. Qf3 Rd8 36. Qxd5 Rxd5 37. Rxa3 Rxc5) 35. c6 {[%cal Bc5c6,Bc6c7][%mdl 32]} a2 36. c7 Qxd3 37. Qc6 Rc8 38. Ra8 ({Much less strong is} 38. Rxa2 $6 Rxc7 39. Qe8+ (39. Qxc7 Qd5+ 40. f3 Qxa2+ 41. Kh3 Qe6+ 42. g4 Qe2 $16) (39. Ra8+ Kg7 $16) 39... Kh7 $16) (38. Qxh6 $18 {and White stays clearly on top. Threatens to win with Qg5+.} Qd5+ 39. f3) 38... Qf5 $2 {[%mdl 8192]} (38... Kh7 $16) 39. Qb7 Kh7 40. Qxc8 {White mates.} Qxc8 41. Rxc8 a1=Q 42. Rd8 {Precision: White = 52%, Black = 38%.} (42. Rb8 $142 Qc3 43. c8=Q Qxc8 44. Rxc8 Kg6 45. Rc6+ Kg7 46. Kh3 f6 47. Kh4) 1-0

[Event "2018 Spring Chess Classic B"]
[Site "Saint Louis"]
[Date "2018.03.12"]
[Round "7"]
[White "Ali Marandi, Cemil Can"]
[Black "Liang, Awonder"]
[Result "0-1"]
[WhiteElo "2538"]
[BlackElo "2570"]
[Annotator "TA"]
[PlyCount "114"]
[EventDate "2018.??.??"]
[EventType "tourn"]
[EventCountry "USA"]
[SourceTitle "playchess.com"]
[Source "ChessBase"]
[SourceQuality "1"]

{[%evp 9,114,25,35,39,37,31,28,26,28,38,45,38,44,50,50,18,60,0,0,0,0,-31,0,-33,-32,-29,-24,-32,-33,-33,-30,-35,-12,-58,-2,-8,-8,-8,-22,-25,121,-35,-40,-41,-50,-52,-47,-52,-22,-93,-98,-98,-98,-102,-95,-123,-108,-118,-106,-117,-121,-227,-125,-123,-52,-110,-111,-110,-102,-95,-96,-109,-98,-100,-109,-104,-101,-124,-31,-31,-31,-31,-31,-174,-30,-198,-198,-427,-402,-387,-387,-181,-181,-468,-468,-468,-468,-468,-378,-4779,-4779,-5441,-5441,-29996,-29997,-29998,-29999]} 1. d4 Nf6 2. Bf4 c5 3. dxc5 Qa5+ (3... Nc6 4. Nc3 e5 5. Bg5 Bxc5 6. e3 Bb4 7. Nge2 d5 8. a3 Bxc3+ 9. Nxc3 Be6 10. Bb5 d4 11. Bxf6 Qxf6 {½-½ (42) Aronian,L (2799)-Kasparov,G (2812) Saint Louis 2017}) 4. Qd2 Qxc5 5. Nc3 g6 6. e4 {A45: Trompowsky Attack} Bg7 7. f3 $146 ({Find the theoretical novelty and annotate with similar games:} 7. Nf3 d6 8. Be2 O-O 9. O-O b6 10. Ne1 Bb7 11. Nd3 {½-½ (77) Wagner,D (2583)-Lei,T (2495) Moscow 2016}) 7... d6 8. Be3 {White has an edge.} Qa5 9. Nb5 Qd8 10. e5 dxe5 11. Qxd8+ Kxd8 12. Bxa7 Na6 13. Bb6+ (13. O-O-O+ $14 Ke8 14. Kb1) 13... Ke8 $11 14. O-O-O {[%csl Gb6][%cal Rd1d8]} Be6 15. Nc3 Kf8 16. Bb5 Nb4 17. a3 Nbd5 18. Nxd5 Nxd5 19. Bf2 Bh6+ 20. Kb1 Ra5 21. c4 Kg7 (21... Ne3 $15 22. Bxe3 Bxe3) 22. cxd5 Bf5+ 23. Ka2 Rxb5 24. Ne2 Bc2 (24... Rc8 $11 25. Nc3 Ra5) 25. Nc3 $2 ({Only move:} 25. b4 $1 $16) 25... Bb3+ $15 26. Kb1 $1 Bxd1 27. Nxb5 Bb3 $36 {[%mdl 2048] Black has some pressure.} 28. Bc5 $1 Rd8 29. d6 (29. Bxe7 $11 {remains equal.} Rxd5 30. Nc7) 29... exd6 $17 30. Nxd6 {[#]} b6 $1 {[%mdl 512]} 31. Bb4 (31. Bxb6 Rxd6) 31... Kf6 32. h4 Ke6 33. Ne4 Be3 34. Ng5+ Kf5 35. Nxh7 (35. Ne4 $17) 35... f6 (35... Kf4 $19 36. Bc3 Kg3 37. Bxe5+ Kxg2) 36. Nf8 g5 (36... Kf4 $1 $17 37. Be7 (37. Nxg6+ Kg3 $17) 37... Rd2 38. Bxf6 Rxg2 39. Bg5+ Kxf3 40. Bxe3 Bc2+ 41. Kc1 Kxe3 42. Re1+ Kd3) 37. Be7 (37. h5 $1 $15 g4 38. fxg4+ Kxg4 39. Be7 Rd1+ 40. Rxd1 Bxd1 41. Nd7) 37... Rd2 $1 38. g4+ Kf4 39. Bxf6 gxh4 $1 {...h3 is the strong threat.} 40. Ng6+ Kxf3 41. Nxh4+ Kxg4 42. Bxe5 Bd5 43. Rh2 Rxh2 (43... Rd3 $17 {White must now prevent ...Bg5.} 44. Bf6 Rd1+ 45. Kc2 Rf1) 44. Bxh2 $15 Kxh4 45. Kc2 $1 Kg5 {Threatens to win with ...Kf5.} 46. Kd3 ({White has to play} 46. a4 $1 $15) 46... Bf2 (46... Bc5 $1 $19 {And now ...Kf5 would win.} 47. Be5 b5) 47. Bb8 $2 (47. Be5 $1 $11 {and White is okay.}) 47... Kf5 $19 48. Ba7 $2 (48. Bd6) 48... Be4+ 49. Kc3 Ke5 50. a4 (50. Bb8+ $142 Kd5 51. a4) 50... Kd5 {Strongly threatening ...Be1+.} 51. Kb3 $2 {[#]} (51. b3 {was forced.}) 51... Bc5 $1 52. Kc3 Bd4+ 53. Kb3 {[#]} Bd3 $1 54. Ka3 $2 (54. Bb8) 54... Kc4 55. b3+ Kc3 56. b4 Kc2 57. Bxb6 Bb2+ {Precision: White = 32%, Black = 55%.} 0-1

[Event "2018 Spring Chess Classic B"]
[Site "Saint Louis"]
[Date "2018.03.12"]
[Round "7"]
[White "Khachiyan, Melikset"]
[Black "Fier, Alexandr"]
[Result "1/2-1/2"]
[WhiteElo "2525"]
[BlackElo "2582"]
[Annotator "TA"]
[PlyCount "77"]
[EventDate "2018.??.??"]
[EventType "tourn"]
[EventCountry "USA"]
[SourceTitle "playchess.com"]
[Source "ChessBase"]
[SourceQuality "1"]

{[%evp 11,77,14,33,-2,23,27,36,17,17,0,7,0,63,24,133,118,213,148,180,178,181,51,115,131,118,113,101,102,79,106,199,77,86,38,38,41,78,69,85,76,81,70,76,73,81,74,85,83,75,67,66,58,66,64,67,46,66,66,66,66,66,20,46,18,15,0,51,0]} 1. e4 c5 2. Nc3 Nc6 3. Nf3 e6 4. Bb5 Nd4 5. O-O a6 6. Bd3 Nc6 {LiveBook: 87 Games. B30: Sicilian: 2...Nc6 3 Bb5, lines without ...g6} 7. Nd5 d6 $146 (7... g5 {with more complications.} 8. Ne3 h5 9. b3 Bg7 10. c3 g4) ({Predecessor:} 7... Nge7 8. Re1 Ng6 9. c3 Bd6 10. Ne3 O-O 11. Be2 Bc7 12. b3 d5 13. exd5 exd5 14. Ba3 {½-½ (39) Vitiugov,N (2724)-Huzman,A (2557) Caleta 2017}) 8. Ne3 g5 {White has an edge.} 9. c3 h5 10. Bc2 g4 11. Ne1 Bg7 (11... d5 $11) 12. f3 gxf3 (12... d5 $11) 13. Nxf3 $16 e5 (13... h4 $16 {was worth a try.}) 14. Qe1 h4 15. Bb3 Be6 16. d4 (16. h3 $18) 16... cxd4 (16... exd4 $14 17. Nf5 Bf6) 17. cxd4 Nxd4 18. Nxd4 exd4 19. Nf5 ({Of course not} 19. Bxe6 $6 fxe6 20. Ng4 h3 $11) 19... Be5 20. Bf4 Bxb3 {[#]} (20... Qb6 $16) 21. axb3 (21. Qb4 $1 $18 {is more deadly. Black must now prevent Bxe5.} f6 22. Qxb3 (22. axb3 Qd7 $16)) 21... Qb6 22. Qa5 Qxa5 23. Rxa5 f6 24. Nxd6+ Bxd6 25. Bxd6 Rc8 26. Rd5 Rc2 27. Rxd4 h3 28. gxh3 Rxh3 29. Bg3 Rh7 30. e5 fxe5 31. Bxe5 Re2 32. Bg3 Ne7 33. Rfd1 Rh5 34. Rd8+ Kf7 35. R8d7 Rb5 36. R1d3 (36. Kf1 $5 {[%cal Rf1e2]} Re6 37. R1d3 $16) 36... Ke8 37. Rd8+ Kf7 38. R8d7 Ke8 39. Rd8+ {Precision: White = 44%, Black = 46%.} (39. Bh4 $14) 1/2-1/2

[Event "2018 Spring Chess Classic B"]
[Site "Saint Louis"]
[Date "2018.03.12"]
[Round "7"]
[White "Kannappan Priyadharshan"]
[Black "Gorovets, Andrey"]
[Result "1/2-1/2"]
[WhiteElo "2513"]
[BlackElo "2496"]
[Annotator "TA"]
[PlyCount "141"]
[EventDate "2018.??.??"]
[EventType "tourn"]
[EventCountry "USA"]
[SourceTitle "playchess.com"]
[Source "ChessBase"]
[SourceQuality "1"]

{[%evp 34,141,20,13,30,26,35,32,77,51,44,45,77,59,62,46,35,44,43,35,47,8,8,8,8,8,8,6,9,20,8,16,99,95,116,95,120,118,118,116,123,128,125,124,188,193,179,127,127,127,127,127,127,127,127,127,127,118,113,125,112,69,63,67,65,70,83,51,51,51,51,51,34,34,56,8,8,0,0,0,0,0,8,0,8,8,8,0,0,0,8,8,8,8,8,8,8,8,8,0,0,0,0,0,0,0,0,0,0,0]} 1. e4 c5 2. Nf3 Nc6 3. d4 cxd4 4. Nxd4 g6 5. c4 Bg7 6. Be3 Nf6 7. Nc3 d6 8. Be2 O-O 9. O-O Bd7 10. f3 Nxd4 11. Bxd4 a5 12. Qd2 Bc6 13. Rfd1 Nd7 14. Bxg7 Kxg7 15. Qd4+ {B38: Sicilian: Maroczy Bind with 5...Bg7 and 7...0-0} Kg8 16. b3 Qb6 17. Qxb6 Nxb6 18. Rac1 {LiveBook: 3 Games} Rac8 19. Kf2 f5 $146 ({Predecessor:} 19... Nd7 20. g3 Nc5 21. Ke3 f5 {0-1 (29) Malivanek,J (2195)-Slezka,V (2380) Hradec Kralove 1994}) 20. exf5 gxf5 21. f4 Nd7 22. Bd3 Nc5 23. Bb1 Rf7 24. Rd2 Rg7 25. g3 Rf8 26. Re1 h5 27. Bc2 h4 28. a3 {[%cal Ba2a3,Ba3b4,Bb4b5][%mdl 32] With the idea b4.} hxg3+ 29. hxg3 Kf7 30. b4 Rh8 31. Rg1 axb4 32. axb4 Ne6 (32... Ne4+ $1 $11 33. Bxe4 Bxe4) 33. Bxf5 $16 Rh2+ 34. Ke1 (34. Ke3 {feels hotter.} Rxd2 35. Bxe6+ Kxe6 36. Kxd2 Bd7 37. b5) 34... Rxd2 35. Bxe6+ $1 ({Much worse is} 35. Kxd2 $6 Nd4 $11) 35... Kxe6 36. Kxd2 {[%mdl 4096] Endgame KRB-KRN} Kf5 37. b5 Bf3 38. Ke3 Bg4 (38... Bh5 $16 39. Kd3 Bf3) 39. Rh1 $18 Ke6 40. Ne4 (40. Nd5 $18) 40... Bf5 $16 41. Ng5+ Kd7 42. Rh8 Rg6 43. Rb8 Kc7 44. Rf8 Bg4 45. Rf7 Kd7 46. Kd4 Rg8 47. Rh7 Rc8 48. Rh2 Ra8 49. Ne4 Ra3 50. Nc3 e5+ 51. fxe5 dxe5+ 52. Kd3 Bf5+ 53. Kd2 Rb3 54. Re2 Ke6 {The position is equal.} 55. Na4 {And now Nc5+ would win.} Kd6 56. Re3 Rb4 57. Nb6 Rb1 58. Kc3 Rc1+ 59. Kb4 Rb1+ 60. Kc3 Rc1+ 61. Kb4 Rb1+ 62. Rb3 Rxb3+ 63. Kxb3 $11 {KB-KN} Kc5 64. Na4+ Kd4 {Threatens to win with ...Bd3.} 65. c5 {[%cal Bc4c5,Bc5c6,Bc6b7][%mdl 32]} e4 {Strongly threatening ...e3.} 66. Kb4 e3 {( -> ...e2)} 67. Nc3 Bg4 {aiming for ...e2.} 68. b6 e2 {[#]} 69. Nxe2+ $1 {[%mdl 512]} Bxe2 {[#]} 70. c6 $1 {[%cal Rc6b7][%mdl 512]} Bf3 (70... bxc6 71. b7) 71. cxb7 $1 {Precision: White = 59%, Black = 65%.} ({Don't blunder} 71. c7 $2 Bg4 $19) 1/2-1/2

[Event "2018 Spring Chess Classic B"]
[Site "Saint Louis"]
[Date "2018.03.12"]
[Round "7"]
[White "Shtembuliak, Evgeny"]
[Black "Grabinsky, Aaron"]
[Result "1/2-1/2"]
[WhiteElo "2507"]
[BlackElo "2375"]
[Annotator "TA"]
[PlyCount "150"]
[EventDate "2018.??.??"]
[EventType "tourn"]
[EventCountry "USA"]
[SourceTitle "playchess.com"]
[Source "ChessBase"]
[SourceQuality "1"]

{[%evp 17,150,58,75,75,75,78,75,47,78,65,69,61,77,31,69,71,71,64,57,60,62,70,85,83,91,78,133,115,162,92,101,70,146,147,156,151,139,143,201,193,247,11,22,4,8,7,0,0,2,20,6,6,14,0,4,0,10,0,4,0,0,0,2,2,1,2,182,9,8,8,24,27,40,22,27,0,14,10,29,0,18,10,12,13,13,13,15,19,64,106,109,0,0,0,0,-33,-7,-27,0,0,0,0,234,0,0,-97,-83,-198,-164,-178,-182,-178,-144,-76,0,0,0,0,0,0,0,0,0,0,0,0,0,0,0,0,0,0,0,0,0]} 1. c4 c5 2. Nf3 Nf6 3. Nc3 d6 4. e3 g6 5. d4 cxd4 6. exd4 Bg7 7. Be2 O-O 8. O-O Bf5 {E61: King's Indian: Early deviations for White, including Smyslov System} 9. d5 Bg4 $146 {LiveBook: 3 Games} ({Predecessor:} 9... Na6 10. Nd4 Bd7 11. Be3 Nc5 12. Bf3 a5 13. b3 Qc8 14. h3 Kh8 15. Re1 Kg8 16. Rc1 h5 17. a3 Bf5 18. Nxf5 gxf5 19. Bxc5 Qxc5 20. Nb5 Ng4 21. hxg4 hxg4 22. Bxg4 {1-0 (22) Abramovic,B (2489)-Mihajlovic,M (2240) Belgrade 2005}) 10. Be3 Nbd7 {White is better.} 11. Rc1 a6 12. b3 Bxf3 13. Bxf3 Qa5 14. Be2 Nc5 15. Bd4 Nfe4 16. Bxg7 Kxg7 17. Qd4+ Nf6 18. f4 Rfe8 19. Kh1 e5 20. dxe6 $1 Nxe6 21. Qd2 ({Reject} 21. Qxd6 Rad8 $15) 21... Rad8 (21... d5 $142) 22. Bf3 Re7 23. Bd5 (23. g4 $1 $18) 23... Qb6 24. f5 Qd4 ({Black should play} 24... Nc7 $1 $14) 25. Qe1 $1 $16 gxf5 26. Rxf5 {Strongly threatening Rd1.} Rde8 27. h3 Kh8 (27... Nc5 $16 28. Qg3+ Kh8) 28. Qf1 $18 Nc5 (28... Kg7 {might work better.} 29. Bxe6 Rxe6) 29. Rf4 $2 (29. Rxf6 $18 Nd3 30. Rxf7) 29... Qd2 $1 $11 30. Rf2 ({Don't go for} 30. Rxf6 $2 Re1 $19) 30... Qxc1 $1 31. Qxc1 Re1+ 32. Qxe1 Rxe1+ 33. Kh2 Nxd5 34. Nxd5 {[%mdl 4096] Endgame KRN-KRN} Kg7 35. g4 Ne4 36. Rc2 (36. Rb2 {is interesting.} Kg6 37. h4 f6 38. Ne7+ Kf7 39. Nf5) 36... Nf6 37. Nc3 Re3 38. Kg2 Kg6 39. Nd1 Re5 40. Nf2 Kg5 41. Kf3 d5 $2 {[#]} (41... h5 $11 {and Black has nothing to worry.}) 42. Nd3 $2 (42. h4+ $1 $18 {[%mdl 512]} Kxh4 43. Kf4 Nxg4 44. Rc3) 42... Re7 43. Nf4 d4 44. Ng2 Nd7 45. h4+ Kf6 46. Kg3 Re4 47. Rf2+ Ke6 48. g5 Ne5 49. Rf6+ Ke7 50. Rf4 Re2 $1 51. Rxd4 {Threatening Nf4.} Rxa2 52. Re4 Kd6 53. Ne3 Nc6 54. Nf5+ (54. Rf4 $1 $16) 54... Kc5 55. Nh6 Rb2 56. Nxf7 Rxb3+ 57. Kg4 Rb1 58. Kh5 a5 {[%cal Ba6a5,Ba5a4,Ba4a3][%mdl 32]} 59. Ne5 Nd4 $2 (59... a4 $11 60. Nxc6 Kxc6) 60. Nd7+ $2 (60. Kh6 $18) 60... Kxc4 61. Nf6 (61. Kh6 $1 $11) 61... a4 $17 62. Re8 (62. Nxh7 $17 Rb5 63. Kh6) 62... Rh1 {Threatens to win with ...a3.} 63. Nxh7 {[#]} a3 $1 {[%cal Ra3a2]} 64. Ra8 Kb3 {White must now prevent ...Nf3.} 65. g6 {[#]} Rg1 ({Better is} 65... Nf5 $1 $17 66. Kg5 Ne7) 66. Ng5 $11 {aiming for g7.The position is equal.} Nf5 {And now ...a2 would win.} 67. Nf3 Rg2 {Hoping for ...a2.} 68. Rb8 Kc3 {...a2 is the strong threat.} 69. Rxb7 Rg3 70. Ra7 Kb2 71. Rb7+ Kc1 72. Rc7+ Kb2 73. Rb7+ Kc3 74. Rc7+ Kb4 75. Rb7+ Kc3 {Precision: White = 58%, Black = 51%.} 1/2-1/2

[Event "2018 Spring Chess Classic B"]
[Site "Saint Louis"]
[Date "2018.03.13"]
[Round "8"]
[White "Fier, Alexandr"]
[Black "Shtembuliak, Evgeny"]
[Result "1-0"]
[WhiteElo "2582"]
[BlackElo "2507"]
[Annotator "TA"]
[PlyCount "169"]
[EventDate "2018.??.??"]
[EventType "tourn"]
[EventCountry "USA"]
[SourceTitle "playchess.com"]
[Source "ChessBase"]
[SourceQuality "1"]

{[%evp 23,169,0,1,-6,-3,-15,-9,-7,0,-12,-15,-31,-36,-33,-16,-25,-16,-12,-19,-21,-2,-19,-9,-34,-30,-36,-27,-35,-35,-37,-38,-34,-36,-51,-51,-51,-51,-59,-51,-51,-51,-51,-51,-51,-51,-51,-51,-83,-81,-81,0,-63,-63,-63,-63,-63,-63,-63,-63,-63,-5,-52,-53,-74,-74,-75,-63,-66,-78,-200,-111,-123,-78,-80,-80,-82,-63,-74,-63,-63,-63,-63,-63,-63,-63,-63,-68,-77,0,0,0,0,0,0,0,0,0,0,0,0,0,0,8,8,8,8,8,8,8,8,25,27,76,53,53,46,50,48,46,46,43,8,8,8,8,8,8,8,8,8,362,336,1055,889,1962,2287,1689,1557,29959,418,29960,29962,29962,29961,29974,29976,29975,29977]} 1. Nf3 Nf6 2. g3 d5 3. c4 c6 4. Bg2 Bg4 5. Ne5 Be6 6. cxd5 Bxd5 7. Nf3 c5 8. Nc3 {A11: English Opening: 1...c6} Bc6 9. O-O e6 10. d3 (10. Qc2 Be7 11. Rd1 O-O 12. d4 cxd4 13. Nxd4 Bxg2 14. Kxg2 Nbd7 15. Bg5 {½-½ (15) Svidler,P (2765)-Karjakin,S (2760) Riadh 2017}) 10... Be7 11. e4 O-O 12. Qe2 b5 {[%cal Bb7b5,Bb5b4][%mdl 32] LiveBook: 14 Games} 13. Rd1 b4 14. Nb1 Ba4 $146 ({Predecessor:} 14... Bb5 15. e5 Nd5 {1-0 (40) Baghdasaryan,V (2462)-Ovod,E (2380) Moscow 2017}) 15. b3 Bb5 $1 16. Ne5 Nfd7 17. Nf3 Nc6 18. Bb2 Qc7 19. Nbd2 Nde5 20. Nxe5 Nxe5 21. Nc4 Nc6 22. Qg4 {[%csl Gb2][%cal Rg4g7]} g6 23. f4 Rad8 24. Rac1 Nd4 25. Bxd4 Rxd4 26. e5 Rfd8 27. Be4 a5 {[%cal Ba7a5,Ba5a4][%mdl 32]} 28. h4 h5 29. Qf3 Kg7 30. Rd2 a4 31. Rg2 Rh8 32. Rcc2 Rdd8 33. Rcf2 Qd7 34. Nb6 Qa7 35. bxa4 Qxb6 36. axb5 c4 ({Black should try} 36... Rd4 $17) 37. Kh2 (37. dxc4 $11 Bc5 38. Kf1) 37... c3 $15 {[%mdl 1024] Black has compensation.} 38. Bc6 Rd4 39. Qe2 Bc5 40. Rf3 Rdd8 41. Qc2 Rc8 (41... Qa5 $15) 42. Qb3 (42. a3 $5) 42... Rhd8 43. Qc2 Rc7 44. Qe2 Ra7 45. Rf1 Ra3 46. Qc2 (46. Rb1 $17 {was worth a try.}) 46... Qa7 ({Better is} 46... Be3 $1 $19 47. Re1 Bd2) 47. Rb1 $17 Qe7 48. Re2 Rc8 49. Rb3 Ra5 50. Qb1 {d4! would now be nice for White.} Rd8 51. Qc2 Rd4 52. Rb1 Ra3 53. Kh3 Bb6 54. Rd1 Rd8 55. Re4 Qa7 (55... Bd4 $17) 56. Rxb4 $11 Rxa2 57. Qxc3 Ba5 58. b6 $1 {[%cal Rb6a7]} Bxb6 {And now ...Ba5 would win.} 59. Rb2 Rc8 {White must now prevent ...Rxb2.} 60. Rxa2 Qxa2 61. d4 Qe2 62. Qf3 Qc2 63. Be4 Qb2 64. d5 exd5 65. Bd3 Ra8 66. Rb1 Qd4 67. f5 {[%cal Bf4f5,Bf5g6][%mdl 32] Hoping for fxg6.} Ra4 68. fxg6 Qg4+ 69. Qxg4 hxg4+ $14 {[%mdl 4096] Endgame KRB-KRB} 70. Kg2 Ra2+ 71. Kf1 Bd4 72. e6 (72. Rb7 $5 {[%cal Rb7f7]} Ra1+ 73. Bb1 $16) 72... fxe6 73. Rb7+ Kg8 74. Bb5 Rf2+ 75. Ke1 Rb2 76. h5 {aiming for h6.} Rh2 $2 {[%mdl 8192]} (76... Bf2+ $11 {and Black has nothing to worry.} 77. Kf1 Be3) 77. Rh7 $18 Bf2+ $2 (77... Bc3+ 78. Kf1 Ra2) 78. Kd1 $1 Bxg3 {[#]} 79. Bd7 $1 {[%cal Rd7e6]} Rh1+ {[#]} 80. Kc2 $1 Be5 81. Bxe6+ Kf8 82. h6 {White mates.} Rh2+ 83. Kb3 Rxh6 84. Rxh6 Kg7 85. Rh5 {Precision: White = 62%, Black = 66%.} 1-0

[Event "2018 Spring Chess Classic B"]
[Site "Saint Louis"]
[Date "2018.03.13"]
[Round "8"]
[White "Kannappan, Priyadharshan"]
[Black "Khachiyan, Melikset"]
[Result "1-0"]
[WhiteElo "2513"]
[BlackElo "2525"]
[Annotator "TA"]
[PlyCount "107"]
[EventDate "2018.??.??"]
[EventType "tourn"]
[EventCountry "USA"]
[SourceTitle "playchess.com"]
[Source "ChessBase"]
[SourceQuality "1"]

{[%evp 23,107,86,83,57,67,68,47,0,0,0,14,32,39,13,29,15,60,47,57,50,142,135,204,193,213,223,222,194,222,202,284,280,282,289,281,197,209,150,146,138,133,88,92,39,28,34,295,56,49,36,36,36,47,32,46,18,38,25,46,42,46,32,170,163,173,182,288,300,413,425,360,359,485,462,2366,869,715,593,589,571,500,441,500,500,12839,12839]} 1. e4 c5 2. Nf3 d6 3. Nc3 Nf6 4. d4 cxd4 5. Nxd4 g6 6. Be3 Bg7 7. f3 O-O 8. Qd2 Nc6 9. O-O-O Be6 10. Kb1 Rc8 11. h4 Ne5 12. g4 Bc4 {LiveBook: 4 Games. B76: Sicilian Dragon: Yugoslav Attack, 9 g4 and 9 0-0-0} (12... h5 13. gxh5 Nxh5 14. f4 Bg4 15. fxe5 Bxd1 16. Nxd1 Ng3 17. Qg2 Nxh1 18. e6 Qa5 19. Be2 Bxd4 20. Bxd4 {0-1 (36) Mista,A (2561)-Pantelic,S (2334) Kraljevo 2011}) 13. Bd3 Qa5 {Hoping for ...Nxf3!} 14. a3 $1 Rc7 $146 {White is slightly better.} ({Predecessor:} 14... Rfe8 15. h5 b5 16. hxg6 b4 17. Na2 fxg6 18. Qxb4 Qd8 19. g5 Nh5 20. f4 Nxd3 21. cxd3 Bf7 22. f5 Qb6 23. Nc2 Qxb4 24. Naxb4 {1-0 (24) Dutreeuw,M (2394)-Salmensuu,O (2443) Batumi 1999}) 15. Ncb5 Qxd2 16. Rxd2 Rc5 17. Nc3 Rb8 18. g5 Nh5 $1 19. Rf1 b5 20. f4 $36 {[%mdl 2048] White has some pressure.} Nd7 21. Nd5 Kf8 (21... Bxd5 $14 22. exd5 Bxd4 23. Bxd4 Rc7) 22. Nb3 Bxd5 (22... Rcc8 $16 {might work better.}) 23. Nxc5 $18 (23. exd5 $6 Rc7 $16) 23... dxc5 24. exd5 c4 25. Be2 {Black must now prevent d6.} ({And not} 25. Bxa7 Ra8 $14) 25... Ng3 26. Rf3 ({Less strong is} 26. Bxa7 Ra8 $14) 26... c3 (26... Ne4 $142) 27. Rxg3 cxd2 28. Bxa7 (28. Bxd2 $6 Nb6 $16) 28... Rb7 29. Bf2 Nb6 30. Bxb6 Rxb6 {[%mdl 4096] Endgame KRB-KRB} 31. Rd3 b4 {Black wants to play ...bxa3.} 32. a4 ({Don't play} 32. Rxd2 $6 bxa3 33. c4 axb2 $11) 32... Ra6 33. Rb3 (33. Bd1 $16) 33... Rxa4 $14 34. c4 e5 $2 {[%mdl 8192] [#]} (34... Bd4 $14) 35. fxe5 $2 (35. d6 $1 $18) 35... Bxe5 36. Kc2 Ke7 37. Kxd2 Kd6 38. Kc2 Kc5 39. Re3 Bd4 40. Re7 {Kb3 is the strong threat.} Ra2 41. Rc7+ Kd6 42. Rxf7 b3+ ({Black should play} 42... Rxb2+ $14 43. Kd3 Bc5) 43. Kd3 $18 Bxb2 {[#]} 44. Bd1 $1 {[%cal Rd1b3]} Be5 (44... Ba3 $142 45. Bxb3 Rh2 46. Rxh7 Rh3+ 47. Kc2 Ke5) 45. Bxb3 Rh2 46. Rxh7 Rh3+ 47. Ke4 Bb2 48. Bd1 {White is clearly winning.} Bc1 (48... Rh1 $142 49. Bg4 Re1+ 50. Kd3 Rg1 51. Rd7+ Ke5 52. Re7+ Kd6) 49. Bg4 Rh1 50. Kd4 {[%csl Gg4][%cal Rh7d7]} Bb2+ 51. Kd3 Ba3 52. Bf3 Rh3 53. Ke4 Bc1 {[#]} (53... Rh2 $142 54. Bg4 Rg2 55. Rd7+ Kc5 56. Rc7+ Kd6) 54. c5+ $1 {Precision: White = 62%, Black = 40%.} 1-0